載入...

Bernard Shaw

書目詳細資料
主要作者: Ward, A C
格式: Printed Book
出版: London Longmans Green & Co. 1960
叢編:Writers and Their Work, No.01
主題:
LEADER 00479nam a2200157 4500
082 |a 822.09 SHA-W 
100 |a Ward, A C 
245 |a Bernard Shaw 
250
260 |a London  |b Longmans Green & Co.  |c 1960 
300
490 |a Writers and Their Work, No.01 
650 |a English drama criticism-- Literature 
942 |c BK 
999 |c 225188  |d 225188 
952 |0 0  |1 0  |4 0  |6 822_090000000000000_SHAW  |7 0  |9 239321  |a SDE  |b SDE  |d 2019-12-12  |l 0  |o 822.09 SHA-W  |p SDE4499  |r 2019-12-12  |w 2019-12-12  |y BK